Schnelle Mathematik - Zahlen im Hexadezimalsystem Level 05 - Statistiken

Allgemein
  • Dieses Quiz wurde 81 mal gespielt
  • Das Durchschnittsergebnis liegt bei 11 aus 20
Antwortstatistiken
Nummer % Korrekt
10
81%
11
81%
12
81%
13
81%
14
81%
1
56%
F
56%
2
50%
3
50%
7
50%
E
50%
4
44%
5
44%
6
44%
8
44%
9
44%
A
44%
B
44%
C
44%
D
44%
Keine übereinstimmenden Quizze gefunden
Verteilung der Resultate
Anzahl Personen mit jedem Resultat
Perzentil nach korrekt beantworteten Fragen
Ihre Resultats-Entwicklung
Sie haben dieses Quiz noch nicht gespielt